000 00832nam a2200193 a 4500
008 120416s1989 ||||||||||||||||| || u
020 _a1870941470
050 _aHF 5686 .C8 Luc
100 _aLucey, T
245 1 0 _aCosting. (3rd ed.)
250 _a3rd ed.
260 _aLondon:
_bELBS/DP publications
_c1989
300 _aix, 608p. : ill.
350 _a0.00
650 _aCOSTING
995 _aSHORT LOAN BOOKS
_e722335
_FCBU-MAIN LIBRARY (Kitwe)
_I0.00
_jHF 5686 .C8 Luc
_M3
_UAVAILABLE
_WJun 8, 2016
_y722335
_ZShort Loan Collection
995 _aMAIN LIBRARY OPEN ACCESS
_D0.00
_e722332
_FCBU-MAIN LIBRARY (Kitwe)
_H1
_I3.00
_jHF 5686.C8 Luc
_M1
_ULOST
_y008068
_ZMain Library Open Access Collection
995 _aSHORT LOAN BOOKS
_D0.00
_e722334
_FCBU-MAIN LIBRARY (Kitwe)
_H3
_I3.00
_jHF 5686.C8 Luc
_M2
_UAVAILABLE
_y020270
_ZShort Loan Collection
999 _c62567
_d62567